[Event "MNT-ch 75th"]
[Site "Podgorica"]
[Date "2023.02.11"]
[Round "7"]
[White "Malisic, Miroslav"]
[Black "Janjusevic, Bozidar"]
[Result "1-0"]
[WhiteElo "1825"]
[BlackElo "1619"]
[PlyCount "67"]
[EventDate "2023.02.05"]
[EventType "swiss"]
[EventRounds "9"]
[EventCountry "MNE"]
[SourceTitle "CBM 212 Extra"]
[Source "ChessBase"]
[SourceDate "2023.03.31"]
[SourceVersion "1"]
[SourceVersionDate "2023.03.31"]
[SourceQuality "1"]

1. e4 c6 2. f4 d5 3. e5 Bf5 4. Nf3 e6 5. d4 Nd7 6. Bd3 Bxd3 7. Qxd3 c5 8. c3 h5 9. f5 c4 10. Qc2 exf5 11. Qxf5 g6 12. Qh3 Qb6 13. 0-0 0-0-0 14. b4 Nh6 15. a4 Be7 16. Ng5 Rdf8 17. a5 Qc6 18. e6 fxe6 19. Rxf8+ Nxf8 20. Nf3 Bf6 21. Bf4 Nd7 22. Nbd2 Nf5 23. Re1 Re8 24. g4 hxg4 25. Qxg4 Re7 26. Kh1 g5 27. Nxg5 Rg7 28. Qh5 Bxg5 29. Bxg5 Qd6 30. Qe8+ Kc7 31. Bd8+ Kc6 32. Rxe6 Rh7 33. Rxd6+ Nxd6 34. Qg6 1-0

[Event "MNT-ch 75th"]
[Site "Podgorica"]
[Date "2023.02.06"]
[Round "2"]
[White "Janjusevic, Bozidar"]
[Black "Andjelic, Djordje"]
[Result "1/2-1/2"]
[WhiteElo "1619"]
[BlackElo "1918"]
[PlyCount "53"]
[EventDate "2023.02.05"]
[EventType "swiss"]
[EventRounds "9"]
[EventCountry "MNE"]
[SourceTitle "CBM 212 Extra"]
[Source "ChessBase"]
[SourceDate "2023.03.31"]
[SourceVersion "1"]
[SourceVersionDate "2023.03.31"]
[SourceQuality "1"]

1. d4 d5 2. c4 e6 3. Nf3 Nf6 4. g3 Be7 5. Bg2 0-0 6. 0-0 dxc4 7. Ne5 Nc6 8. Nxc6 bxc6 9. Qc2 Ba6 10. Bxc6 Rb8 11. Rd1 Nd5 12. Bxd5 exd5 13. Nc3 f5 14. Bf4 g5 15. Be5 Rb6 16. Bxc7 Qxc7 17. Nxd5 Qd7 18. Nxb6 axb6 19. b3 b5 20. a4 Qd5 21. axb5 Bxb5 22. bxc4 Bxc4 23. Rdc1 Rc8 24. Ra7 Bf6 25. e3 h5 26. Qa4 Rc6 27. Ra5 1/2-1/2

[Event "Belgrade Trophy 35th"]
[Site "Belgrade"]
[Date "2021.11.29"]
[Round "6"]
[White "Janjusevic, Bozidar"]
[Black "Poleksic, Dusan"]
[Result "0-1"]
[WhiteElo "1474"]
[BlackElo "2081"]
[PlyCount "110"]
[EventDate "2021.11.24"]
[EventType "swiss"]
[EventRounds "9"]
[EventCountry "SRB"]
[SourceTitle "CBM 205 Extra"]
[Source "ChessBase"]
[SourceDate "2022.01.31"]
[SourceVersion "1"]
[SourceVersionDate "2022.01.31"]
[SourceQuality "1"]

1. d4 c5 2. d5 Nf6 3. Nc3 d6 4. e4 e6 5. Nf3 Be7 6. Be2 0-0 7. 0-0 exd5 8. exd5 Na6 9. Bf4 Nc7 10. a4 b6 11. Re1 Bb7 12. Bc4 a6 13. Qd2 b5 14. axb5 axb5 15. Rxa8 Bxa8 16. Nxb5 Nxb5 17. Bxb5 Nxd5 18. Bg3 Nc7 19. Bc4 Bxf3 20. gxf3 Qd7 21. Rd1 Qc6 22. Re1 Re8 23. Qf4 Bf6 24. Rxe8+ Nxe8 25. Qf5 g6 26. Qd5 Qxd5 27. Bxd5 Be5 28. Bxe5 dxe5 29. c3 Kf8 30. Kf1 f5 31. b4 cxb4 32. cxb4 Nf6 33. Bc4 Ke7 34. Ke2 Kd6 35. b5 Kc5 36. Bd3 Nd5 37. h4 Nc3+ 38. Ke3 Nxb5 39. Bxb5 Kxb5 40. f4 e4 41. Kd4 Kb4 42. Ke5 Kc3 43. Kf6 Kd2 44. Kg7 Ke2 45. Kxh7 Kxf2 46. Kxg6 e3 47. Kxf5 e2 48. h5 e1Q 49. h6 Qe8 50. Kf6 Qh8+ 51. Kg6 Kf3 52. f5 Ke4 53. h7 Ke5 54. f6 Qxf6+ 55. Kh5 Kf5 0-1

[Event "Podgorica Buducnost op"]
[Site "Podgorica"]
[Date "2021.11.20"]
[Round "3"]
[White "Janjusevic, Bozidar"]
[Black "Radulovic, Aleksa"]
[Result "1-0"]
[WhiteElo "1474"]
[BlackElo "1274"]
[PlyCount "97"]
[EventDate "2021.11.19"]
[EventType "swiss"]
[EventRounds "5"]
[EventCountry "MNE"]
[SourceTitle "CBM 205 Extra"]
[Source "ChessBase"]
[SourceDate "2022.01.31"]
[SourceVersion "1"]
[SourceVersionDate "2022.01.31"]
[SourceQuality "1"]

1. e4 e5 2. Nf3 Nc6 3. d4 exd4 4. Nxd4 d6 5. Bc4 Nf6 6. Bg5 Be7 7. Nc3 h6 8. Be3 0-0 9. Qd2 Bd7 10. 0-0-0 Ng4 11. Kb1 Bf6 12. Nde2 Nge5 13. Bb3 Na5 14. h3 Nxb3 15. axb3 c6 16. f4 Ng6 17. Qxd6 Be8 18. Qxd8 Rxd8 19. Bxa7 Bd7 20. Bb6 Ra8 21. Rxd7 Ra6 22. e5 Rfa8 23. Kc1 Nxe5 24. fxe5 Ra1+ 25. Nb1 Bg5+ 26. Rd2 Re8 27. h4 Bxd2+ 28. Kxd2 Rxe5 29. Nec3 Re6 30. Re1 Rg6 31. Re2 Rg4 32. Na3 f6 33. Nc4 Rxh4 34. Nd6 Rg4 35. Nxb7 Rb4 36. Na4 Raxa4 37. bxa4 Rxb6 38. Nc5 Rxb2 39. a5 Ra2 40. Re8+ Kf7 41. Ra8 Ke7 42. Kc3 Kd6 43. Kb3 Ra1 44. Nd3 Kc7 45. Ra7+ Kd6 46. a6 g5 47. Rf7 Ke6 48. Rh7 Rxa6 49. Nc5+ 1-0

[Event "MNT-chT 1st League"]
[Site "Podgorica"]
[Date "2021.05.22"]
[Round "4.6"]
[White "Sabotic, Denis"]
[Black "Janjusevic, Bozidar"]
[Result "1-0"]
[WhiteElo "1737"]
[BlackElo "1482"]
[PlyCount "57"]
[EventDate "2021.05.20"]
[EventType "team-tourn"]
[EventRounds "7"]
[EventCountry "MNE"]
[SourceTitle "EXT 2022"]
[Source "ChessBase"]
[SourceDate "2021.10.06"]
[SourceVersion "1"]
[SourceVersionDate "2021.10.06"]
[SourceQuality "1"]

1. e4 e5 2. Nf3 Nc6 3. Bc4 Bc5 4. c3 d6 5. d4 exd4 6. cxd4 Bb4+ 7. Nc3 Bg4 8. d5 Ne5 9. Qa4+ Qd7 10. Qxb4 Bxf3 11. gxf3 Nxf3+ 12. Kd1 Ne7 13. Be2 Ne5 14. Rg1 0-0-0 15. Be3 c5 16. Qa5 b6 17. Qa6+ Kb8 18. a4 Qb7 19. Qxb7+ Kxb7 20. a5 c4 21. axb6 axb6 22. Rxg7 Ra8 23. Rxa8 Rxa8 24. Rxh7 Ra1+ 25. Kd2 b5 26. f4 b4 27. fxe5 bxc3+ 28. Kxc3 Re1 29. Kd2 1-0